[Event "Ch Moscow (for the Deaf) (final)"]
[Site "masterchessopen.com Moscow (Russia)"]
[Round "1"]
[White "Chernov Igor (RUS)"]
[Black "Nadvikov Roman (RUS)"]
[Result "1-0"]
[WhiteElo "1866"]
[BlackElo "2247"]

1.d4 Nf6 2.c4 e6 3.g3 d5 4.Nf3 Bb4+ 5.Bd2 Qe7 6.Bg2 O-O 7.O-O c6 8.Bg5 h6
9.Bxf6 Qxf6 10.c5 Ba5 11.Ne5 Nd7 12.f4 Qd8 13.Qd3 Nxe5 14.fxe5 b6 15.Nd2 bxc5
16.dxc5 Bxd2 17.Qxd2 a5 18.Qd4 Ba6 19.Rf2 f5 20.exf6 Rxf6 21.Raf1 Rxf2 22.Rxf2
Qc7 23.Bh3 e5 24.Be6+ Kh8 25.Qg4 Qd8 26.h4 Ra7 27.Bf5 Qe8 28.Bg6 Bc8 29.Qh5
Qe7 30.Qxe5 Kg8 31.Qd4 Be6 32.Bc2 Kh8 33.Rf3 Bg8 34.Re3 Qc7 35.Kg2 Qc8 36.Re5
Rb7 37.b3 Qb8 38.Rh5 Bf7 39.Rxh6+ Kg8 40.Rd6 Qe8 41.Qd3 g6 42.Qf3 Re7 43.Bd3
Re6 44.Qf4 Qe7 45.Qg5 Rxe2+ 46.Kf3 Qxg5 47.hxg5 Rxa2 48.Rxc6 Ra3 49.Rb6 a4
50.c6 Rxb3 51.c7 Rxd3+ 52.Ke2 Rc3 53.Rb8+ Kg7 54.c8=Q Rxc8 55.Rxc8 {#r} 1-0

[Event "Ch Netherlands (open)"]
[Site "masterchessopen.com Dieren (Netherlands)"]
[Round "9"]
[White "Safin Shukhrat (UZB)"]
[Black "Kritz Leonid (GER)"]
[Result "1-0"]
[WhiteElo "2529"]
[BlackElo "2484"]

1.d4 Nf6 2.c4 e6 3.Nf3 d5 4.g3 Bb4+ 5.Bd2 Be7 6.Bg2 O-O 7.O-O dxc4 8.Qa4 a6
9.Qxc4 b5 10.Qc2 Bb7 11.Rc1 Bd6 12.Bg5 Nbd7 13.Nbd2 Rc8 14.Bxf6 Nxf6 15.Nb3
Be4 16.Qc3 Nd7 17.Ne5 b4 18.Qe3 Bxg2 19.Nxd7 Qxd7 20.Kxg2 Qb5 21.Nc5 Rfe8
22.f4 Red8 23.Qe4 Be7 24.Rc2 c6 25.b3 Bxc5 26.Rxc5 Qb7 27.Rac1 Rd5 28.e3 g6
29.R1c4 Kf8 30.Qc2 Rxc5 31.Rxc5 Ke7 32.Qc4 Qb6 33.Kf3 h5 34.Ke2 Kd7 35.e4 f5
36.Qc2 Rd8 37.Qc4 Rc8 38.Kd2 Rd8 39.Kc2 Re8 40.Kd2 Rd8 41.Ke1 Re8 42.Kf1 Kd6
43.exf5 gxf5 44.Qe2 h4 45.gxh4 Qd8 46.Qxa6 Qxh4 47.Qxc6+ Ke7 48.Qc7+ Kf8
49.Qd6+ Re7 50.Rc7 Qh3+ 51.Ke2 Qxh2+ 52.Kd1 Qg1+ 53.Kc2 Qf2+ 54.Kb1 Qe1+
55.Kb2 Qe2+ 56.Rc2 Qe1 57.Qe5 Qxe5 58.dxe5 Rb7 59.Rc6 Ke7 60.a4 bxa3+ 61.Kxa3
Rd7 62.Ka4 Kf7 63.Kb5 Rd5+ 64.Rc5 Rd4 65.Rc4 Rd8 66.b4 Rb8+ 67.Ka6 Ra8+ 68.Kb6
Ra4 69.Kc5 Ke7 70.b5 Ra1 71.Kc6 Ra8 72.b6 {#r} 1-0

[Event "Ch New Zealand"]
[Site "masterchessopen.com Wanganui (New Zealand)"]
[Date "2005.01.05"]
[Round "6"]
[White "Thornton Giovanni Antonio (NZL)"]
[Black "Croad Nicolas (NZL)"]
[Result "0-1"]
[WhiteElo "2081"]
[BlackElo "2206"]

1.Nf3 Nf6 2.d4 d5 3.c4 e6 4.g3 Bb4+ 5.Bd2 Qe7 6.Bg2 O-O 7.O-O dxc4 8.Qc2 Bxd2
9.Nbxd2 a6 10.Nxc4 Nc6 11.Rfd1 Rb8 12.Rac1 Rd8 13.Nce5 Bd7 14.Ng5 Be8 15.Bxc6
bxc6 16.b3 Rb5 17.Ngxf7 Bxf7 18.Nxc6 Qd6 19.Nxd8 Qxd8 20.Qxc7 Qxc7 21.Rxc7 h6
22.Rc8+ Kh7 23.Rc5 Rb6 24.Rdc1 Rd6 25.e3 Be8 26.Rc7 Ne4 27.f3 Ng5 28.Kg2 e5
29.dxe5 Rd2+ 30.Kf1 Bb5+ 31.R1c4 Nxf3 32.e6 Nxh2+ 33.Ke1 Nf3+ 34.Kf1 Nh2+
35.Ke1 Nf3+ 36.Kf1 Kg6 37.a4 Nh2+ 38.Kg1 Nf3+ 39.Kf1 Bxc4+ 40.Rxc4 Nh2+ 41.Kg1
Nf3+ 42.Kf1 Ng5 43.Rc6 a5 44.Ra6 Rb2 45.e7+ Kf7 46.Rxa5 Rxb3 47.Kf2 Rb2+
48.Ke1 Kxe7 49.Ra7+ Kf6 50.Ra6+ Ne6 51.a5 Ra2 {#R} 0-1

[Event "Ch Norway"]
[Site "masterchessopen.com Tonsberg (Norway)"]
[Date "2008.07.05"]
[Round "1"]
[White "Skrondal I"]
[Black "Fyllingen Roy Harald (NOR)"]
[Result "0-1"]
[WhiteElo "2189"]
[BlackElo "2391"]

1.Nf3 d5 2.d4 Nf6 3.c4 e6 4.g3 Bb4+ 5.Bd2 a5 6.Bg2 O-O 7.O-O dxc4 8.Bxb4 axb4
9.Ne5 Ra6 10.Nxc4 Nc6 11.e3 b5 12.Ncd2 e5 13.Qc2 Qd6 14.Nb3 exd4 15.Rd1 Bg4
16.f3 Be6 17.Nxd4 Nxd4 18.Rxd4 Qe7 19.e4 b3 20.Qd1 Qc5 21.Nc3 Rd6 22.Ne2 Rfd8
23.axb3 Rxd4 24.Nxd4 Rxd4 25.Ra8+ Rd8+ {#R} 0-1

[Event "Ch Norway (team)"]
[Site "masterchessopen.com Norway"]
[Round "5"]
[White "Ostenstad Berge (NOR)"]
[Black "Gausel Einar (NOR)"]
[Result "0-1"]
[WhiteElo "2450"]
[BlackElo "2485"]

1.d4 Nf6 2.Nf3 e6 3.c4 d5 4.g3 Bb4+ 5.Bd2 a5 6.Qc2 Nc6 7.Bg2 dxc4 8.Qxc4 Qd5
9.Qxd5 exd5 10.O-O Bg4 11.Be3 a4 12.h3 Bxf3 13.Bxf3 Na5 14.Nd2 O-O 15.Rac1 c6
16.Rc2 Rfe8 17.Rd1 h6 18.Nf1 Ne4 19.Bc1 Nc4 20.e3 Ra7 21.Be2 Na5 22.f3 Nf6
23.g4 Nd7 24.Kf2 Nb6 25.Bd3 Nbc4 26.a3 Be7 27.Bd2 Nxd2 28.Rdxd2 b5 29.Re2 Nc4
30.f4 Bf6 31.Kf3 Rae7 32.Bxc4 bxc4 33.Rcd2 Rb7 34.Ng3 Rb3 35.Nh5 Bd8 36.Rc2
Bb6 37.Kf2 c5 {#R} 0-1

[Event "Ch Norway (team)"]
[Site "masterchessopen.com Oslo (Norway)"]
[Date "2006.06.11"]
[Round "5"]
[White "Groenn Atle (NOR)"]
[Black "Pedersen Audun (NOR)"]
[Result "1-0"]
[WhiteElo "2417"]
[BlackElo "2069"]

1.Nf3 Nf6 2.c4 e6 3.g3 d5 4.d4 Bb4+ 5.Bd2 Bxd2+ 6.Nbxd2 O-O 7.Bg2 Nbd7 8.O-O
b6 9.cxd5 Nxd5 10.Nc4 Bb7 11.Qa4 Qe7 12.Nfe5 Nxe5 13.Nxe5 f6 14.Nd3 Qe8 15.Qa3
Qd7 16.Rfd1 a5 17.Qb3 a4 18.Qc2 Ba6 19.e4 Bxd3 20.Qxd3 Ne7 21.Rac1 Rac8 22.Qa3
Rfd8 23.Bf1 f5 24.exf5 Nxf5 25.d5 exd5 26.Rxd5 Nd6 27.Qd3 Rf8 28.Rh5 g6 29.Rh4
Qe7 30.Rxa4 Qf6 31.Rc2 Rce8 32.Rf4 Qg7 33.Qd5+ Kh8 34.Rxf8+ Rxf8 35.Bh3 Re8
36.Kg2 Re7 37.a4 Qf7 38.Qxf7 Rxf7 39.b4 Nb7 40.Bc8 Nd6 41.Be6 Re7 42.Bd5 Re5
43.Bf3 Ne8 44.Re2 Rxe2 45.Bxe2 Nd6 46.a5 bxa5 47.bxa5 Nc8 48.Kf3 Kg7 49.Ke4
Kf6 50.a6 Na7 51.Kd5 Kf5 52.h4 Kf6 53.Bd3 Kf7 54.f4 Kf6 55.g4 h6 56.g5+ hxg5
57.hxg5+ Kf7 58.Bb1 {#r} 1-0

[Event "Ch Norway (team) 2006/07"]
[Site "masterchessopen.com Norway"]
[Date "2007.01.14"]
[Round "6"]
[White "Madsen Dag (NOR)"]
[Black "Ogaard Leif (NOR)"]
[Result "0-1"]
[WhiteElo "2263"]
[BlackElo "2419"]

1.Nf3 d5 2.d4 Nf6 3.c4 e6 4.g3 Bb4+ 5.Bd2 Be7 6.Bg2 O-O 7.O-O Nbd7 8.Qb3 Nb6
9.c5 Nc4 10.Bf4 c6 11.Qc2 b6 12.b3 Na5 13.b4 Nc4 14.Nbd2 Nxd2 15.Bxd2 Nd7
16.e4 Ba6 17.Rfe1 Nf6 18.Ne5 Rc8 19.a4 dxe4 20.Bxe4 Nxe4 21.Qxe4 Bf6 22.Rac1
Bxe5 23.Qxe5 Re8 24.Bf4 b5 25.Ra1 Re7 26.a5 Rd7 27.Rad1 Rd5 28.Qe4 Qd7 29.Bd6
Re8 30.Qg4 f6 31.Qf3 Bc8 32.Qb3 Qf7 33.f4 Bd7 34.Qf3 Qg6 35.Qe4 Qh5 36.Qe2
Qxe2 37.Rxe2 e5 38.Red2 exf4 39.Bxf4 g5 40.Bd6 Re4 41.Kf2 Bg4 42.Rb1 a6 43.Rb3
Kf7 44.Rbd3 Ke6 45.Kg2 Be2 46.Rc3 Rf5 47.d5+ Rxd5 48.Rxd5 Kxd5 49.Kf2 Bh5
50.h3 Rxb4 51.Be7 Rb2+ 52.Kf1 b4 53.Rd3+ Kc4 54.Rd6 Re2 55.Bxf6 Kxc5 56.Rd7
Re6 57.Be7+ Kc4 58.Rb7 Rxe7 59.Rxe7 b3 {#R} 0-1

[Event "Ch Pan-American"]
[Site "masterchessopen.com Washington (USA)"]
[Date "2006.12.30"]
[Round "6"]
[White "Burgwin Douglas"]
[Black "Kinsman Jim A"]
[Result "0-1"]
[WhiteElo "1822"]
[BlackElo "2048"]

1.d4 e6 2.c4 Nf6 3.Nf3 d5 4.g3 Bb4+ 5.Bd2 Be7 6.Bg2 O-O 7.O-O b6 8.Qc2 Nbd7
9.Ne5 Bb7 10.cxd5 Nxe5 11.dxe5 Nxd5 12.Rd1 Qc8 13.Be4 h6 14.Qc1 f5 15.Bf3 Qe8
16.Bxd5 Bxd5 17.Nc3 Bb7 18.h4 Qg6 19.e4 Bxh4 20.Kh2 Be7 21.Rh1 fxe4 22.Be3 Rf5
23.Ne2 Qh5+ 24.Kg1 Qxe2 25.Qxc7 Bc5 26.Qxb7 Raf8 27.Qxe4 Rxf2 {#R} 0-1

[Event "Ch Paris (open)"]
[Site "masterchessopen.com Paris (France)"]
[Round "0"]
[White "Bernard Christophe (FRA)"]
[Black "Stempin Pawel (POL)"]
[Result "0-1"]
[WhiteElo "1694"]
[BlackElo "2362"]

1.d4 Nf6 2.Nf3 d5 3.c4 e6 4.g3 Bb4+ 5.Bd2 Be7 6.Qc2 c6 7.Bg2 O-O 8.O-O b6
9.Bf4 Nbd7 10.Rd1 Bb7 11.Nc3 dxc4 12.Nd2 Nd5 13.Nxc4 Nxf4 14.gxf4 Rc8 15.Ne5
Qc7 16.Rd3 Nf6 17.Rad1 Rfd8 18.a3 g6 19.e3 Qb8 20.b4 c5 21.Bxb7 Qxb7 22.dxc5
Rxd3 23.Qxd3 bxc5 24.bxc5 Bxc5 25.Rb1 Bb6 26.Na4 Qc7 27.Nxb6 axb6 28.Qd4 Nd5
29.Rd1 Qc3 30.Qxc3 Rxc3 31.Rd3 b5 32.Rxc3 Nxc3 33.Nc6 Nb1 34.Kf1 Nxa3 35.Ke2
Nc4 36.Kd3 Kg7 37.Kd4 Kf6 38.Kc5 Nd2 39.h3 Ne4+ 40.Kxb5 Nxf2 41.h4 Nd1 {#R}
0-1

[Event "Ch Paris (open)"]
[Site "masterchessopen.com Paris (France)"]
[Round "0"]
[White "Charreteur Fabrice (FRA)"]
[Black "Belokon Artour (RUS)"]
[Result "1-0"]
[WhiteElo "1988"]
[BlackElo "2087"]

1.d4 d5 2.Nf3 Nf6 3.c4 e6 4.g3 Bb4+ 5.Bd2 Bxd2+ 6.Qxd2 O-O 7.Bg2 b6 8.O-O Bb7
9.cxd5 exd5 10.Nc3 Nbd7 11.Rac1 c5 12.Rfd1 Qe7 13.e3 Ne4 14.Qe1 Ndf6 15.Nd2
cxd4 16.Ndxe4 dxe4 17.Rxd4 Rad8 18.Rcd1 Rxd4 19.Rxd4 h5 20.Qb1 Re8 21.Nb5 Rd8
22.Rxd8+ Qxd8 23.Nxa7 Qd5 24.a4 Ng4 25.h3 Ne5 26.Nb5 Nf3+ 27.Bxf3 exf3 28.Nd4
Qd7 29.Qd1 g5 30.Kh2 Bc8 31.Qxf3 Qxh3+ 32.Kg1 Qd7 33.Qc6 Qd8 34.b4 Bd7 35.Qd6
Qc8 36.b5 Qc1+ 37.Kh2 Bg4 38.Qxb6 Qd1 39.Qb8+ Kg7 40.Qe5+ Kh7 41.Qf6 Qxa4
42.Qxf7+ Kh6 43.b6 h4 44.Qf6+ Kh5 45.gxh4 {#r} 1-0

[Event "Ch Paris (open)"]
[Site "masterchessopen.com Paris (France)"]
[Date "2005.07.15"]
[Round "7"]
[White "Gozzoli Yannick (FRA)"]
[Black "Salaun Yann (FRA)"]
[Result "1-0"]
[WhiteElo "2460"]
[BlackElo "2331"]

1.d4 Nf6 2.c4 e6 3.Nf3 d5 4.g3 Bb4+ 5.Bd2 c5 6.Bxb4 cxb4 7.Nbd2 O-O 8.Bg2 Nc6
9.O-O Qe7 10.Qc2 Rd8 11.Rad1 Bd7 12.e4 dxe4 13.Nxe4 Rac8 14.Rfe1 Na5 15.b3 Bc6
16.Nfg5 Bxe4 17.Nxe4 Nxe4 18.Bxe4 Qf6 19.Bxh7+ Kh8 20.d5 exd5 21.Bf5 Rc5
22.Rxd5 Rcxd5 23.cxd5 g6 24.Be4 Kg7 25.Bg2 b6 26.Qc7 Rd6 27.h4 a6 28.Kh2 Qc3
29.Qxd6 Qf6 {#r} 1-0

[Event "Ch Paris (open)"]
[Site "masterchessopen.com Paris (France)"]
[Date "2010.07.04"]
[Round "2"]
[White "Vidit Santosh Gujrathi (IND)"]
[Black "Nezad Husein Aziz (QAT)"]
[Result "1-0"]
[WhiteElo "2502"]
[BlackElo "2394"]

1.d4 d5 2.c4 e6 3.Nf3 Nf6 4.g3 Bb4+ 5.Bd2 Bd6 6.Bg2 c6 7.Qc2 Nbd7 8.O-O O-O
9.Bg5 h6 10.Bxf6 Nxf6 11.Nbd2 b6 12.e4 Be7 13.Rfd1 Bb7 14.Rac1 dxc4 15.Nxc4 b5
16.Ncd2 a5 17.e5 Nd7 18.Ne4 Qb8 19.Qc3 Rd8 20.Ne1 b4 21.Qe3 Ba6 22.Nd3 Bxd3
23.Rxd3 Qb5 24.Nd6 Bxd6 25.Bxc6 Qa6 26.Bxa8 Rxa8 27.exd6 Qxd6 28.Qf3 Rd8
29.Rdd1 Nf6 30.Rc5 Qa6 31.h4 a4 32.Rc7 Qb5 33.Kg2 Qa6 34.Kg1 Qb5 35.Rd2 Rf8
36.Rc5 Qd7 37.Qc6 Qd8 38.Rd1 a3 39.Rc3 Qa5 40.Qc5 Qa6 41.Rf1 Qe2 42.Rd3 Qe4
{#r} 1-0

[Event "Ch Paris (open) (a)"]
[Site "masterchessopen.com Paris (France)"]
[Date "2012.07.10"]
[Round "4"]
[White "Maubert Nicolas (FRA)"]
[Black "Contois Frederick-Andre (FRA)"]
[Result "1-0"]
[WhiteElo "2010"]
[BlackElo "1914"]

1.d4 Nf6 2.c4 e6 3.g3 d5 4.Nf3 Bb4+ 5.Bd2 Bxd2+ 6.Nbxd2 O-O 7.Bg2 b6 8.O-O Bb7
9.Rc1 dxc4 10.Nxc4 Na6 11.Qa4 Rb8 12.Qa3 Nd5 13.Rfd1 Qe7 14.Qxe7 Nxe7 15.Nce5
Rbd8 16.a3 f6 17.Nd3 Nf5 18.e3 Nd6 19.Nf4 Rfe8 20.b4 Re7 21.Ne1 Bxg2 22.Kxg2
Kf7 23.Ned3 g5 24.Ne2 Red7 25.a4 Nb7 26.b5 Nb8 27.Rc2 e5 28.Rdc1 Rc8 29.Rc3 e4
30.Nb4 Na5 31.R1c2 Ke8 32.Nc1 Kd8 33.Nb3 Nxb3 34.Rxb3 Rd6 35.Rbc3 Kd7 36.Nc6
Nxc6 37.Rxc6 Rxc6 38.Rxc6 Rf8 39.h3 a6 40.Kf1 axb5 41.axb5 Rf7 42.Ke2 f5
43.Rh6 Ke7 44.f4 gxf4 45.exf4 Rg7 46.g4 fxg4 47.hxg4 Rxg4 48.Ke3 Rg6 49.Rxh7+
Kd6 50.Kxe4 Rg8 51.Rh6+ Kd7 52.Kd5 Rg7 53.f5 Rf7 54.f6 {#r} 1-0

[Event "Ch Poland (team) (2nd liga)"]
[Site "masterchessopen.com Poland"]
[Date "2003.09.09"]
[Round "5"]
[White "Krzywda Andrzej (POL)"]
[Black "Malecki Eugeniusz (POL)"]
[Result "1-0"]
[WhiteElo "2131"]
[BlackElo "2042"]

1.Nf3 Nf6 2.g3 d5 3.c4 e6 4.d4 Bb4+ 5.Bd2 Bxd2+ 6.Nbxd2 O-O 7.Bg2 Nbd7 8.O-O
c6 9.Qc2 b6 10.e4 dxe4 11.Nxe4 Qc7 12.Nxf6+ Nxf6 13.c5 b5 14.Ne5 Bb7 15.Rad1
Rad8 16.Rfe1 Nd5 17.Be4 f5 18.Bg2 Rf6 19.Rd2 Bc8 20.Rde2 a6 21.Nd3 h6 22.Re5
Ne7 23.Qc3 Ng6 24.R5e2 Kh7 25.h4 Kg8 26.h5 Ne7 27.Nf4 Kf7 28.Qb3 Nd5 29.Bxd5
cxd5 30.Re5 Qb7 31.Qe3 Qc6 32.b4 Ke7 33.Ng6+ Kf7 34.Qf4 Qe8 35.R5e3 Kg8
36.R3e2 Kh7 37.Re5 Kg8 38.R1e2 Kf7 39.Qc1 Kg8 40.Nf4 Qf7 41.R2e3 Kh7 42.Qc2
Qf8 43.Kg2 Qf7 44.a3 Re8 45.Kg1 Bd7 46.Ng6 Kg8 47.Nf4 Kh7 48.c6 Bxc6 49.Nxe6
Rc8 50.Nf4 Qc7 51.Qd3 a5 52.Rxf5 {#r} 1-0

[Event "Ch Poland (team) (extraliga)"]
[Site "masterchessopen.com Katowice (Poland)"]
[Date "2011.10.08"]
[Round "8"]
[White "Lagowski Patryk (POL)"]
[Black "Gajewski Grzegorz (POL)"]
[Result "0-1"]
[WhiteElo "2340"]
[BlackElo "2607"]

1.d4 Nf6 2.c4 e6 3.Nf3 d5 4.g3 Bb4+ 5.Bd2 Be7 6.Bg2 O-O 7.Qc2 Nbd7 8.O-O c6
9.Bg5 b6 10.Nbd2 h6 11.Bxf6 Bxf6 12.e4 Bb7 13.Rfd1 Rc8 14.b4 c5 15.e5 Be7
16.dxc5 bxc5 17.b5 Qc7 18.Re1 Nb6 19.a4 a5 20.bxa6 Bxa6 21.Bf1 d4 22.h4 Ra8
23.h5 Bb7 24.Ra3 Ra7 25.Be2 Rfa8 26.Bd1 Nxa4 27.Nb1 Bc6 28.Qd2 Qa5 29.Qe2 Qd8
30.Bc2 Nb2 31.Rb3 Rb7 32.Rxb7 Bxb7 33.Bb3 d3 34.Qxb2 Bxf3 35.Bd1 Rb8 36.Qc3
Bc6 37.Nd2 Qd4 38.Qxd4 cxd4 39.Bf3 Ba4 40.Ne4 Bc2 41.Ra1 Bb4 42.Nd6 d2 43.Kg2
Bc3 44.Rg1 d3 45.c5 Bxe5 46.Nc4 Bc3 47.c6 Rc8 48.g4 Rxc6 49.Nxd2 Rc7 50.Nf1
Bd4 51.Nd2 Ra7 52.Be4 Bc3 53.Nf1 Ra4 54.f3 Bd4 55.Rh1 Ra2 56.Kh3 Be5 57.Rg1 d2
{#R} 0-1

[Event "Ch PriFO"]
[Site "masterchessopen.com Orsk (Russia)"]
[Date "2004.12.12"]
[Round "3"]
[White "Modestov Boris (RUS)"]
[Black "Konovalov Vladislav (RUS)"]
[Result "1-0"]
[WhiteElo "2359"]
[BlackElo "2258"]

1.d4 d5 2.Nf3 Nf6 3.c4 e6 4.g3 Bb4+ 5.Bd2 a5 6.Bg2 O-O 7.O-O c6 8.Bf4 Bd6
9.Ne5 Nh5 10.Be3 Nd7 11.f4 f5 12.Nd2 a4 13.Qe1 Nhf6 14.h3 Bb4 15.Rc1 a3 16.b3
Qe8 17.g4 Ne4 18.Bxe4 dxe4 19.Qg3 Be7 20.Kh2 Qd8 21.Nxd7 Bxd7 22.c5 Be8 23.Nc4
Qc7 24.Bd2 Qd8 25.Bc3 Bf6 26.Rcd1 Bf7 27.e3 Qc7 28.Rd2 Rfd8 29.Rg2 g6 30.Bb4
Qe7 31.Qe1 Bh4 32.Qc3 Bf6 33.Nxa3 Bg7 34.Nc4 fxg4 35.hxg4 Ra6 36.g5 Rd5 37.Qe1
h6 38.gxh6 Rh5+ 39.Kg1 Rxh6 40.a4 Bf6 41.Nd6 Bh4 42.Qe2 e5 43.Nxf7 Qxf7
44.fxe5 Qxb3 45.Qa2 Qxa2 46.Rxa2 Bg5 47.Bd2 Rh3 48.Kg2 Rh4 49.Be1 Rh5 50.Bf2
Kg7 51.Rb1 Ra8 52.Rxb7+ Kh6 53.a5 Rf8 54.a6 Rf3 55.a7 Bxe3 56.Bxe3+ {#r} 1-0

[Event "Ch Provincial (final)"]
[Site "masterchessopen.com Habana (Cuba)"]
[Date "2009.10.26"]
[Round "8"]
[White "Gomez Felix (CUB)"]
[Black "Lopez Vilier Luis A (CUB)"]
[Result "1-0"]
[WhiteElo "2359"]
[BlackElo "2268"]

1.d4 Nf6 2.Nf3 d5 3.c4 e6 4.g3 Bb4+ 5.Bd2 Be7 6.Bg2 c6 7.Qc2 O-O 8.O-O b6
9.Bf4 Bb7 10.Nbd2 b5 11.c5 Nbd7 12.b4 a5 13.a3 Re8 14.Rfb1 a4 15.Re1 Bf8
16.Rad1 h6 17.e4 g5 18.Be3 Ng4 19.exd5 exd5 20.Nf1 Nxe3 21.Nxe3 Nf6 22.Ne5 Qc7
23.Bh3 Bc8 24.Bxc8 Raxc8 25.Qf5 Re6 26.h4 Nh7 27.hxg5 hxg5 28.Kg2 Rf6 29.Qg4
Re8 30.Rh1 Ree6 31.Rh5 Rh6 32.Nf5 Rxh5 33.Qxh5 Rxe5 34.Rh1 {#r} 1-0

[Event "Ch Provincial (final)"]
[Site "masterchessopen.com Habana (Cuba)"]
[Date "2010.10.29"]
[Round "10"]
[White "Morales Romary (CUB)"]
[Black "Hevia Alejano Carlos Antonio (CUB)"]
[Result "0-1"]
[WhiteElo "2252"]
[BlackElo "2481"]

1.d4 Nf6 2.Nf3 e6 3.g3 d5 4.c4 Bb4+ 5.Bd2 Be7 6.Bg2 c6 7.Qb3 O-O 8.O-O b6
9.Nc3 Ba6 10.cxd5 cxd5 11.Ne5 Bb7 12.Rac1 Nc6 13.Nxc6 Bxc6 14.Rc2 Qd7 15.Bg5
h6 16.Bxf6 Bxf6 17.e3 Rfc8 18.Rfc1 b5 19.Ne2 g5 20.Rc3 Bd8 21.Qc2 Bb7 22.Qd1
a5 23.Rxc8 Rxc8 24.Bf1 Be7 25.Rxc8+ Qxc8 26.Qc1 Qd7 27.Qc2 Bd6 28.f4 Bc6
29.Nc1 Qb7 30.Nd3 Be8 31.Nc5 Qc8 32.Bd3 Kg7 33.Nb3 Qd8 34.Nd2 f6 35.Nf3 a4
36.Kf2 b4 37.Kg2 Qb8 38.b3 Qa8 39.Kf2 axb3 40.axb3 Bf7 41.h3 Qa1 42.Qb1 Qc3
43.Qc2 Bh5 44.Qxc3 bxc3 45.fxg5 hxg5 46.g4 Be8 47.Ke2 e5 48.dxe5 fxe5 49.Nxg5
e4 50.Ba6 Kf6 51.h4 Bd7 52.Kd1 Bxg4+ 53.Kc2 Bb4 54.Bb7 Be2 55.Nxe4+ dxe4
56.Bxe4 Kg7 57.Bc6 Kh6 58.e4 Bf3 59.Kd3 Kh5 60.Be8+ Kxh4 61.Bg6 Bd1 {#R} 0-1

[Event "Ch Provincial (final)"]
[Site "masterchessopen.com Habana (Cuba)"]
[Date "2010.11.03"]
[Round "14"]
[White "Gutierrez Delgado Yusuan Alfredo"]
[Black "Agra Caballero Ariel (CUB)"]
[Result "1-0"]
[WhiteElo "2316"]
[BlackElo "2274"]

1.d4 d5 2.Nf3 Nf6 3.c4 e6 4.g3 Bb4+ 5.Bd2 Qe7 6.Bg2 O-O 7.O-O c6 8.Qb3 Bxd2
9.Nbxd2 Nbd7 10.Qc3 Re8 11.Ne5 Nxe5 12.dxe5 Nd7 13.e4 Qc5 14.b4 Qb6 15.c5 Qc7
16.f4 b6 17.exd5 cxd5 18.c6 Ba6 19.Rfc1 Nf8 20.a4 Rad8 21.b5 Bc8 22.Qd4 a5
23.Nb3 Qa7 24.c7 Rd7 25.Rc6 Rxc7 26.Qxb6 Bd7 27.Qxa7 Rxa7 28.Rd6 Rb8 29.Rc1 f6
30.exf6 gxf6 31.f5 Kf7 32.fxe6+ Bxe6 33.Nd4 Rd7 34.Rxd7+ Bxd7 35.Bxd5+ Ke7
36.Nb3 Be6 37.Bxe6 Kxe6 38.Nxa5 Ng6 39.Nc6 {#r} 1-0

[Event "Ch Region (1/2 final)"]
[Site "masterchessopen.com Lipetsk (Russia)"]
[Date "2008.10.19"]
[Round "2"]
[White "Malinin Sergey (RUS)"]
[Black "Degtiarev Mikhail (RUS)"]
[Result "1-0"]
[WhiteElo "1999"]
[BlackElo "1708"]

1.d4 d5 2.c4 e6 3.Nf3 Nf6 4.g3 Bb4+ 5.Bd2 Bxd2+ 6.Qxd2 Ne4 7.Qc2 O-O 8.Bg2 c6
9.O-O f5 10.Rd1 Na6 11.Ne5 Qf6 12.e3 Nb4 13.Qb3 Na6 14.Nd3 Nd6 15.c5 Nf7 16.f4
g5 17.Rf1 g4 18.Nc3 Nc7 19.Ne2 h5 20.Ne5 Nxe5 21.dxe5 Qe7 22.Rfc1 a5 23.Nd4
Na6 24.Qc3 a4 25.Bf1 Kf7 26.Qa5 Nc7 27.Qb6 h4 28.Rc2 Rh8 29.Rd1 Kg6 30.gxh4
Rxh4 31.Rg2 Qh7 32.Nf3 Rh3 33.Ng5 Qd7 34.Nxh3 Nb5 35.Bxb5 cxb5 36.Qd6 Qe8
37.Ng5 Ra6 38.Qc7 Qd7 39.Qxd7 Bxd7 40.h3 Rc6 41.hxg4 fxg4 42.Rxg4 Rxc5
43.Nxe6+ {#r} 1-0

[Event "Ch Region (open)"]
[Site "masterchessopen.com Nizhnij Novgorod (Russia)"]
[Round "0"]
[White "Lugovoy Dmitry (RUS)"]
[Black "Rakov Mikhail (RUS)"]
[Result "1-0"]
[WhiteElo "2051"]
[BlackElo "1932"]

1.d4 Nf6 2.c4 e6 3.Nf3 d5 4.g3 Bb4+ 5.Bd2 Bxd2+ 6.Nbxd2 O-O 7.Bg2 Nbd7 8.O-O
Re8 9.Rc1 c6 10.a3 e5 11.cxd5 Nxd5 12.e4 N5f6 13.dxe5 Nxe5 14.Nxe5 Rxe5 15.Nc4
Re8 16.Qc2 Bg4 17.e5 Nd5 18.Nd6 Re7 19.Bxd5 cxd5 20.Rfe1 f6 21.Qc5 Bf3 22.Re3
b6 23.Qc6 d4 24.Rxf3 {#r} 1-0

[Event "Ch Region (open)"]
[Site "masterchessopen.com Novosibirsk (Russia)"]
[Date "2007.12.06"]
[Round "2"]
[White "Krasnov Yury A (RUS)"]
[Black "Zemtsov Roman (RUS)"]
[Result "0-1"]
[WhiteElo "2179"]
[BlackElo "2303"]

1.Nf3 d5 2.d4 Nf6 3.c4 e6 4.g3 Bb4+ 5.Bd2 a5 6.Bg2 c6 7.O-O b6 8.Bg5 Be7 9.Nc3
O-O 10.Ne5 Ba6 11.b3 Nfd7 12.Bxe7 Qxe7 13.Nxd7 Nxd7 14.Rc1 Rac8 15.cxd5 cxd5
16.Qd2 Qb4 17.Rc2 Rc7 18.Rfc1 Rfc8 19.e3 Nf6 20.Bf1 Bxf1 21.Kxf1 Ne4 22.Nxe4
Qxd2 23.Rxc7 Qxc1+ {#R} 0-1

[Event "Ch Region (open)"]
[Site "masterchessopen.com Novosibirsk (Russia)"]
[Date "2007.12.10"]
[Round "6"]
[White "Biryukov Alexander (RUS)"]
[Black "Zemtsov Roman (RUS)"]
[Result "0-1"]
[WhiteElo "2025"]
[BlackElo "2303"]

1.d4 d5 2.c4 e6 3.Nf3 Nf6 4.g3 Bb4+ 5.Bd2 Be7 6.Bg2 O-O 7.O-O b6 8.cxd5 exd5
9.Nc3 Bb7 10.Qc2 Nbd7 11.Rfd1 c6 12.Rab1 a5 13.a3 Re8 14.Bf4 Nh5 15.Bc1 Nhf6
16.Bf4 Bf8 17.h3 g6 18.g4 Qe7 19.Qd2 b5 20.g5 Nh5 21.Re1 Nb6 22.Bh2 b4 23.axb4
axb4 24.Nd1 Nc4 25.Qc1 Nd6 26.Ne3 f5 27.gxf6 Nxf6 28.Ne5 Rac8 29.N3g4 Nfe4
30.f3 Nf6 31.e4 Bg7 32.exd5 Nxd5 33.Nh6+ Bxh6 34.Qxh6 Nf5 35.Qd2 Qd8 36.Rbd1
Qb6 37.Kh1 Rcd8 38.Qg5 Kg7 39.Nc4 h6 40.Qg4 Qa6 41.Ne5 c5 42.Ra1 Qf6 43.Nc4
Nde3 44.Nxe3 Nxe3 45.Qg3 cxd4 46.Ra7 Rd7 47.Rg1 Ree7 48.Rxb7 Rxb7 49.f4 Nxg2
50.Qxg2 Rbd7 51.Bg3 Qf5 52.Be1 Re3 53.Kh2 d3 54.Rf1 Re2 55.Bf2 Qxf4+ 56.Kh1
Rf7 {#R} 0-1

[Event "Ch Region (open)"]
[Site "masterchessopen.com Odessa (Ukraine)"]
[Date "2008.04.17"]
[Round "2"]
[White "Aliferenko Aleksei (UKR)"]
[Black "Ivanov Pavel (RUS)"]
[Result "1-0"]
[WhiteElo "2290"]
[BlackElo "1996"]

1.d4 e6 2.c4 d5 3.Nf3 Nf6 4.g3 Bb4+ 5.Bd2 a5 6.Bg2 O-O 7.O-O b6 8.Ne5 Bb7
9.Nc3 Nbd7 10.Bg5 Bxc3 11.bxc3 Qb8 12.Nxd7 Nxd7 13.cxd5 Bxd5 14.e4 Bc4 15.Re1
c5 16.e5 Ra7 17.Qg4 Bd3 18.Be7 Re8 19.Bd6 Qc8 20.d5 Nf8 21.Rad1 Bf5 22.Qc4 Qa6
23.Qxa6 Rxa6 24.Bf1 Ra7 25.Bb5 Rc8 26.Bxf8 Kxf8 27.d6 Bg4 28.d7 Rd8 29.Rd6 Rb7
30.Bc6 Rbb8 31.Rb1 Be2 32.a4 Ke7 33.f4 f6 34.Kf2 fxe5 35.fxe5 Bc4 36.Ke3 g5
37.Rb2 h5 38.h4 g4 39.Rf2 b5 40.axb5 Bxb5 41.Rf6 Bxc6 42.Rfxe6+ Kf7 43.Rf6+
Kg7 44.Rg6+ Kh7 45.Rh6+ Kg7 46.Rdg6+ Kf7 47.Rxc6 Rb3 48.e6+ Ke7 49.Rh7+ Kf6
50.e7+ {#r} 1-0

[Event "Ch Region (seniors)"]
[Site "masterchessopen.com Novosibirsk (Russia)"]
[Round "5"]
[White "Ezhov Victor (RUS)"]
[Black "Meleshin Valery (RUS)"]
[Result "0-1"]
[WhiteElo "2001"]
[BlackElo "2092"]

1.c4 e6 2.Nf3 Nf6 3.g3 d5 4.d4 Bb4+ 5.Bd2 Bxd2+ 6.Nbxd2 O-O 7.Bg2 b6 8.O-O
Nbd7 9.cxd5 exd5 10.Rc1 Ba6 11.Re1 Re8 12.b4 Qe7 13.e3 c5 14.Qa4 Bd3 15.bxc5
bxc5 16.dxc5 Rec8 17.Qa3 Bg6 18.Nb3 Ne4 19.Nfd4 Ne5 20.Qa6 Nxc5 21.Nxc5 Rxc5
22.Nb3 Bd3 23.Qa4 Rc4 24.Rxc4 Bxc4 25.Rd1 Rd8 26.Na5 h6 27.h3 Qc7 28.e4 Nd3
29.Qa3 Qb6 30.Rf1 Ne5 31.Nxc4 dxc4 32.Qa4 Qd4 33.Qc2 Nd3 34.Kh2 Rb8 35.Qa4 Nb2
36.Qa3 Nd3 37.e5 c3 38.e6 fxe6 39.Qe7 Qb6 40.Be4 Rd8 41.Kg2 c2 42.Qa3 c1=Q
43.Rxc1 Qxf2+ 44.Kh1 Nxc1 45.Qxc1 Qe2 46.Qc2 Rd1+ 47.Qxd1 Qxd1+ {#R} 0-1

[Event "Ch Romania"]
[Site "masterchessopen.com Eforie Nord (Romania)"]
[Round "1"]
[White "Filip Lucian (ROM)"]
[Black "Kaunz Werner (ROM)"]
[Result "1-0"]
[WhiteElo "2441"]
[BlackElo "1926"]

1.Nf3 d5 2.d4 e6 3.c4 Nf6 4.g3 Bb4+ 5.Bd2 c5 6.Bxb4 cxb4 7.Nbd2 O-O 8.Bg2 Nc6
9.O-O a5 10.Qc2 Qb6 11.e3 Re8 12.h3 h6 13.Ne1 Ne7 14.Nd3 Qc7 15.Rfc1 Bd7
16.cxd5 Qxc2 17.Rxc2 exd5 18.Ne5 Bc6 19.Rc5 Kf8 20.a3 bxa3 21.bxa3 b6 22.Rc3
Rec8 23.Rb3 Ba4 24.Rxb6 Rc2 25.Ndc4 Ne4 26.Bxe4 dxe4 27.Rab1 f6 28.Rb8+ Rxb8
29.Rxb8+ Be8 30.Nd6 Nc8 31.Nxc8 Rxc8 32.Rxc8 fxe5 33.dxe5 Ke7 {#r} 1-0